Statistics for Πολιτείες της Ινδίας

Click here to take the quiz!

General Stats

  • This quiz has been taken 4 times
  • The average score is 9 of 36

Answers on the Map

Answers color-coded by a green-red scale on the quiz's map according to % correct below.
 

Answer Stats

State% Correct
Δελχί
67%
Μαντία Πραντές
67%
Μιζόραμ
33%
Σικκίμ
33%
Δυτική Βενγκάλη
33%
Πενταποταμία
33%
Ορίσα
33%
Ναγκαλάντ
33%
Αρουνάτσαλ Πραντές
33%
Μεγκαλάγια
33%
Μανιπούρ
33%
Ανταμάν και Νικομπάρ
33%
Κέραλα
33%
Τρίπουρα
33%
Τσαντιγκάρ
33%
Λαντάχ
33%
Τζαμού και Κασμίρ
33%
Χιμάτσαλ Πραντές
33%
Λακσαντγουίπ
33%
Γκουτζαράτ
33%
Γκόα
33%
Τσατίσγκαρ
33%
Μπιχάρ
33%
Άσαμ
33%
Ουτάρ Πραντές
33%
Ουταρακάντ
0%
Άντρα Πραντές
0%
Τελανγκάνα
0%
Ταμίλ Ναντού
0%
Ρατζαστάν
0%
Μαχαράστρα
0%
Καρνάτακα
0%
Τζαρκάντ
0%
Χαρυάνα
0%
Πουντουτσέρι
0%
Ντάντρα και Ναγκάρ Χαβέλι
και Νταμάν και Ντιού
0%

Score Distribution

Percentile by Number Answered

Percent of People with Each Score

Your Score History

You have not taken this quiz